| Tag |
First Indicator |
Second Indicator |
Subfields |
| LEADER |
00000cam a2200000 a 4500 |
| 001 |
in00000642016 |
| 005 |
20151015054602.0 |
| 008 |
781017s1978 enka b 00110 eng d |
| 020 |
|
|
|a 0436018039
|
| 035 |
|
|
|a (OCoLC)04297537
|
| 035 |
|
|
|9 ACU8803AM
|
| 040 |
|
|
|a UIU
|c UIU
|d m.c.
|d TXA
|d UtOrBLW
|
| 043 |
|
|
|a e-uk-en
|
| 049 |
|
|
|a TXAM
|c [1240165]
|
| 090 |
|
|
|a PN1993.5.G7
|b A84 1978a
|
| 092 |
|
|
|a 791.43
|b Ar54c
|
| 100 |
1 |
|
|a Armes, Roy.
|
| 245 |
1 |
2 |
|a A critical history of the British Cinema /
|c Roy Armes.
|
| 264 |
|
1 |
|a London :
|b Secker & Warburg,
|c 1978.
|
| 300 |
|
|
|a 374 pages :
|b illustrations ;
|c 21 cm.
|
| 336 |
|
|
|a text
|b txt
|2 rdacontent
|
| 337 |
|
|
|a unmediated
|b n
|2 rdamedia
|
| 338 |
|
|
|a volume
|b nc
|2 rdacarrier
|
| 490 |
1 |
|
|a Cinema two
|
| 500 |
|
|
|a Includes index.
|
| 504 |
|
|
|a Bibliography: pages 345-355.
|
| 650 |
|
0 |
|a Motion pictures
|z Great Britain
|x History.
|
| 830 |
|
0 |
|a Cinema two.
|
| 999 |
|
|
|a MARS
|
| 999 |
f |
f |
|s b6f2fc21-bbff-39a2-b19d-f22fd0ffc211
|i a6ce6496-14c2-3f0a-95fd-b8b4a76c7468
|t 0
|
| 952 |
f |
f |
|p ric
|a Texas A&M University
|b Rellis Campus
|c Joint Library Facility
|d Remote Storage
|t 0
|e PN1993.5.G7 A84 1978a
|h Library of Congress classification
|i unmediated -- volume
|m A14803685686
|
| 998 |
f |
f |
|a PN1993.5.G7 A84 1978a
|t 0
|l Remote Storage
|